Hydrogenation of fats and oils : theory and practice /
Guardado en:
| Autor Principal: | |
|---|---|
| Formato: | Libro |
| Idioma: | English |
| Publicado: |
Champaign, Ill. :
AOCS Press,
c1994.
|
| Materias: | |
| Etiquetas: |
Agregar Etiqueta
Sin Etiquetas, Sea el primero en etiquetar este registro!
|
| LEADER | 00827pam a22002295a 4500 | ||
|---|---|---|---|
| 001 | EIQ.libpla003565 | ||
| 008 | 940815s1994####ilua#####b####001#0#eng#d | ||
| 005 | 20080213182524.0 | ||
| 245 | 1 | 0 | |a Hydrogenation of fats and oils : |b theory and practice / |c H.B.W. Patterson. |
| 260 | |a Champaign, Ill. : |b AOCS Press, |c c1994. | ||
| 300 | |a xiv, 267 p. : |b il. ; |c 24 cm. | ||
| 504 | |a Incluye referencias bibliográficas (p. 246-259) e índice. | ||
| 020 | |a 0935315551 | ||
| 100 | 1 | |a Patterson, H. B. W. |q (Henry Basil Wilberforce) | |
| 082 | 0 | 0 | |a 664/.3 |2 20 |
| 650 | 4 | |a Alimentos |x Aceites y grasas comestibles. | |
| 650 | 4 | |a Alimentos |x Hidrogenación. | |
| 650 | 4 | |a Food |x Oils and fats, Edible. | |
| 650 | 4 | |a Food |x Hydrogenation. | |
| 010 | |a 94035070 | ||
| 040 | |a DLC |c DLC |d AR-BbSID | ||
| 859 | |a AR-BbSID |b BIB. PLAPIQUI |h 664.3 |i P 277 |p 5192 | ||
